Studio C cast Quiz Stats

 Plays Quiz not verified by Sporcle

Support Sporcle.
Go Orange.
Score 0/10 Timer 10:00
0 Plays Today
Cast Member % Correct
Matt Meese
99.1%
Mallory Everton
96.6%
Jason Gray
95.5%
Whitney Call
95.4%
Jeremy Warner
92.9%
Stephan Meek
92.5%
James Perry
92.5%
Natalie Madsen
92.5%
Stacey Harkey
92%
Adam Berg
87.6%

You're not logged in!

Compare scores with friends on all Sporcle quizzes.
OR
Log In

From the Vault

Top 12 Cities of New Zealand on a Map

by Number36

How many cities in the Land of the Long White Cloud can you name?
Remove Ads.
Support Sporcle.
Get the best of Sporcle when you Go Orange. This ad-free experience offers more features, more stats, and more fun while also helping to support Sporcle. Thank you for becoming a member.

Show Comments

Extras

Created Oct 24, 2013ReportNominate
Tags:Cast Quiz, studio

Top Quizzes Today


Score Distribution

Your Account Isn't Verified!

In order to create a playlist on Sporcle, you need to verify the email address you used during registration. Go to your Sporcle Settings to finish the process.

Report this User

Report this user for behavior that violates our Community Guidelines.

Details: